ARRUPE JESUIT UNIVERSITY

CORONAVIRUS -STOP THE SPREAD - CLEAN,DISINFECT,COVER

Chosen by God : (Record no. 118309)

MARC details
000 -LEADER
fixed length control field 01267cam a2200337 i 4500
001 - CONTROL NUMBER
control field 16258292
003 - CONTROL NUMBER IDENTIFIER
control field ARRUPE
005 - DATE AND TIME OF LATEST TRANSACTION
control field 20131009171927.0
008 - FIXED-LENGTH DATA ELEMENTS--GENERAL INFORMATION
fixed length control field 100427s2010 enk b 001 0aeng
010 ## - LIBRARY OF CONGRESS CONTROL NUMBER
LC control number 2010474670
020 ## - INTERNATIONAL STANDARD BOOK NUMBER
International Standard Book Number 9780904717297 (pbk.)
020 ## - INTERNATIONAL STANDARD BOOK NUMBER
International Standard Book Number 9780904717341 (pbk.)
040 ## - CATALOGING SOURCE
Original cataloging agency DLC
Language of cataloging eng
Transcribing agency DLC
Description conventions rda
Modifying agency DLC
041 1# - LANGUAGE CODE
Language code of text/sound track or separate title eng
Language code of original and/or intermediate translations of text spa
042 ## - AUTHENTICATION CODE
Authentication code pcc
050 00 - LIBRARY OF CONGRESS CALL NUMBER
Classification number BX3756
Item number A751.C45 2010
300 ## - PHYSICAL DESCRIPTION
Dimensions 24 cm
100 1# - MAIN ENTRY--PERSONAL NAME
Personal name Arrupe, Pedro,
Dates associated with a name 1907-1991.
9 (RLIN) 2376
240 10 - UNIFORM TITLE
Uniform title <a href="Aquí me tienes, Señor.">Aquí me tienes, Señor.</a>
Language of a work English
245 10 - TITLE STATEMENT
Title Chosen by God :
Remainder of title Pedro Arrupe's retreat notes, 1965 /
Statement of responsibility, etc translated with an introduction by Joseph A. Munitiz, SJ ; edited by Philip Endean, SJ and Elizabeth Lock.
260 ## - PUBLICATION, DISTRIBUTION, ETC. (IMPRINT)
Place of publication, distribution, etc Oxford :
Name of publisher, distributor, etc Way Books,
Date of publication, distribution, etc 2010.
300 ## - PHYSICAL DESCRIPTION
Extent xlviii, 82 pages ;
504 ## - BIBLIOGRAPHY, ETC. NOTE
Bibliography, etc Includes bibliographical references and index.
546 ## - LANGUAGE NOTE
Language note In English; translated from Spanish.
600 10 - SUBJECT ADDED ENTRY--PERSONAL NAME
Personal name Arrupe, Pedro,
Dates associated with a name 1907-
Form subdivision Diaries.
9 (RLIN) 2377
650 #0 - SUBJECT ADDED ENTRY--TOPICAL TERM
Topical term or geographic name as entry element Spiritual life
General subdivision Catholic Church.
9 (RLIN) 2378
700 1# - ADDED ENTRY--PERSONAL NAME
Personal name Munitiz, Joseph A.
9 (RLIN) 2379
700 1# - ADDED ENTRY--PERSONAL NAME
Personal name Arrupe, Pedro,
Dates associated with a name 1907-1991.
Title of a work Aquí me tienes, Señor.
9 (RLIN) 2380
906 ## - LOCAL DATA ELEMENT F, LDF (RLIN)
a 7
b cbc
c origres
d 2
e ncip
f 20
g y-gencatlg
942 ## - ADDED ENTRY ELEMENTS (KOHA)
Source of classification or shelving scheme Library of Congress Classification
Koha item type Monograph ( Printed materials)
Holdings
Withdrawn status Lost status Source of classification or shelving scheme Damaged status Not for loan Collection code Home library Current library Shelving location Date acquired Total Checkouts Full call number Barcode Date last seen Price effective from Koha item type
    Library of Congress Classification     Main Collection ARRUPE LIBRARY ARRUPE LIBRARY Main Collection 09/10/2013   BX3756.A751 C45 2010 46411078 13/10/2025 09/10/2013 Monograph ( Printed materials)
    Library of Congress Classification     Main Collection ARRUPE LIBRARY ARRUPE LIBRARY Main Collection 14/02/2019   BX3756.A751 C45 2010 46600003763 14/02/2019 14/02/2019 Monograph ( Printed materials)

 

Arrupe Library. PO Box MP320 Mt Pleasant, Harare, Zimbabwe
263 242 745411|librarian@aju.ac.zw